000 00195nam a2200073Ia 4500
008 170817s9999 xx 000 0 und d
100 _aSAHOO
245 0 _aAFFECTIVE SENSITIVITY AND COGNITIVE STYLES
260 _bNATIONAL PUB. AGRA
999 _c36266
_d36266